Score 0/20 Timer 01:00
0 Plays Today
Country Capital % Correct
ItalyRome
99%
FranceParis
98%
JapanTokyo
96.1%
NorwayOslo
95.1%
SpainMadrid
95.1%
PeruLima
92.2%
RussiaMoscow
92.2%
South KoreaSeoul
91.2%
SwitzerlandBern
87.3%
PhilippinesManila
80.4%
Country Capital % Correct
BelgiumBrussels
77.5%
ArgentinaBuenos Aires
75.5%
North KoreaPyongyang
71.6%
EstoniaTallinn
69.6%
KyrgyzstanBishkek
63.7%
Papua New GuineaPort Moresby
56.9%
LaosVientiane
55.9%
MadagascarAntananarivo
55.9%
TajikistanDushanbe
52.9%
Burkina FasoOuagadougou
47.1%
Remove Ads.
Support Sporcle.
Get the best of Sporcle when you Go Orange. This ad-free experience offers more features, more stats, and more fun while also helping to support Sporcle. Thank you for becoming a member.

You're not logged in!

Compare scores with friends on all Sporcle quizzes.
OR
Log In

Show Comments

Extras

Top Quizzes Today


Score Distribution

Your Account Isn't Verified!

In order to create a playlist on Sporcle, you need to verify the email address you used during registration. Go to your Sporcle Settings to finish the process.

Report this User

Report this user for behavior that violates our Community Guidelines.

Details: